Statistics for Avatar: The way of Water - Characters

Click here to take the quiz!

General Stats

  • This quiz has been taken 314 times
  • The average score is 10 of 16

Answer Stats

Answer% Correct
Kiri
95%
Jake Sully
93%
Loak
91%
Neteyam
86%
Neytiri
85%
Ronal
71%
Tsireya
66%
Tonowari
61%
Aonung
58%
Quaritch
58%
Tuktirey
56%
Toruk
50%
Moat
46%
Ikran
38%
Tulkun
36%
Norm Spellman
23%

Score Distribution

Percentile by Number Answered

Percent of People with Each Score

Your Score History

You have not taken this quiz